000 00465nam a2200193 a 4500
001 1765189917748
003 ACL
005 20251208160454.0
008 251208s2008##################000#0#eng##
020 _a9780123485366
082 0 4 _a631.4
_bHIL
100 1 _aHillel, Daniel,
_eauthor.
245 1 0 _aSoil in the Environment :
260 _bAcademic Press,
_c2008.
300 _a307 pages
650 0 _aScience.
942 _cENGLISH
040 _aACL
_beng
_cACL
999 _c601645
_d601645